Score 0/20 Timer 05:00
3 Plays Today
% Correct
Ron Swanson
95.6%
Leslie Knope
93.6%
Tom Haverford
90.2%
Andy Dwyer
88.9%
Ann Perkins
88%
April Ludgate
86.8%
Garry Gergich
86.5%
Ben Wyatt
82.1%
Chris Traeger
80.1%
Tammy Swanson
78.8%
% Correct
Li'l Sebastian
77.4%
Donna Meagle
75.1%
Perd Hapley
69.5%
Mark Brendanawicz
63.4%
Jean-Ralphio Saperstein
62.5%
Marlene Griggs-Knope
47.4%
Joan Callamezzo
42.3%
Kyle
34.2%
Wendy
34%
Bill Dexhart
27.5%
Remove Ads.
Support Sporcle.
Get the best of Sporcle when you Go Orange. This ad-free experience offers more features, more stats, and more fun while also helping to support Sporcle. Thank you for becoming a member.

You're not logged in!

Compare scores with friends on all Sporcle quizzes.
OR
Log In

Sporcle TV

Today on Sporcle TV


Watch our educational content, quiz creation guides, and fun videos on Sporcle TV.

Show Comments

Extras

Top Quizzes Today


Score Distribution

Paid Content

Your Account Isn't Verified!

In order to create a playlist on Sporcle, you need to verify the email address you used during registration. Go to your Sporcle Settings to finish the process.

Report this User

Report this user for behavior that violates our Community Guidelines.

Details: